| 000 | 00677nam a2200181Ia 4500 | ||
|---|---|---|---|
| 003 | GCL | ||
| 008 | 140319s9999 xx 000 0 ara d | ||
| 040 |
_aGCL / _cGCL |
||
| 082 | 0 | 4 |
_a333.82 _bا ق |
| 100 | 1 | _aاحمد عبدالرازق خليفة السعيدان | |
| 245 | 1 | 0 |
_aالقانون والسيادة وامتيازات النفط: مقارنة بالشريعة الاسلامية / _cاحمد عبدالرازق خليفة السعيدان |
| 300 | _a400 ص | ||
| 490 |
_aسلسلة اطروحات الدكتوراة _v0 |
||
| 650 | 0 | 4 | _aالشريعة الاسلامية |
| 650 | 0 | 4 | _aالنفط |
| 650 | 0 | 4 | _aعقود ايجار النفط |
| 942 |
_2ddc _cBK |
||
| 999 |
_c48935 _d48935 |
||